000 00849nas a2200241 4500
001 BR9406208
003 BR-BrBNA
005 20231205093642.0
007 ta
008 230509b bl.|||p| |||| 00| 00por d
040 _aBR-BrBNA
_bpor
_cBiblioteca Nacional de Agricultura
041 _a(Pt)
072 _aJ11; Q04
100 1 _aBotrel, N.
100 1 _aCarvalho, V.D. de
245 1 _aEfeito do peso do fruto no escurecimento interno e qualidade do abacaxi Smooth Cayenne. 3. Escurecimento interno, solidos soluveis totais, acidez titulavel total, pH e acucares
650 _aAbacaxi
650 _aArmazenamento
650 _aComposicao de Alimento
773 0 _tPesquisa Agropecuaria Brasileira (Brazil)
_xISSN 0100-204x
_g(Sep 1993), v. 28(9) p. 1055-1064
_wBR9406208
909 _a202311
_bLúcia
_c55
_dLúcia Elande
942 _2AGRIS
_n0
_cANA
999 _c139683
_d139683